| 000 | 00577nam a2200205 a 4500 | ||
|---|---|---|---|
| 001 | BRCA_7358 | ||
| 005 | 20190320205816.0 | ||
| 008 | 280213s1944----mx-#######---#000-0#spa-# | ||
| 041 | _aspa | ||
| 044 | _amx | ||
| 050 | 4 |
_aHC135 _b.V55 1944 |
|
| 100 | 1 |
_aVillaseño, Eduardo _918185 |
|
| 245 | 1 | 0 |
_aAlgunos aspectos de la economía de la postguerra en México _cEduardo Villaseño. |
| 260 |
_aMéxico _bAsociación de Banqueros de México _c1944 |
||
| 300 | _a30 p. | ||
| 500 | _aQ40 | ||
| 651 | 4 |
_aMéxico _xCondiciones económicas _92842 |
|
| 902 | _aGFM | ||
| 942 |
_2lcc _cB |
||
| 999 |
_c7034 _d7034 |
||